Biología : la diversidad de formas y unidad de patrones en los seres vivos /

Guardado en:
Autor Principal: Vattuone, Lucy F De
Formato: Libro
Publicado: Buenos Aires : El Ateneo, 1981
Edición:6a. ed.
Etiquetas: Agregar Etiqueta
Sin Etiquetas, Sea el primero en etiquetar este registro!
LEADER 01181nam a22002655a 4500
001 CEM.cems006473
005 20060214000000.0
008 130507s1981##################000#0#####d
003 CEMS
082 0 4 |a 574 
100 1 |a Vattuone, Lucy F De 
245 1 0 |a Biología :  |b la diversidad de formas y unidad de patrones en los seres vivos / 
250 |a 6a. ed. 
260 |a Buenos Aires :  |b El Ateneo,  |c 1981 
300 |a 419 p. 
859 |a CEMS  |b BIB. CEMS - 11 de abril  |h 574  |i V459A6/II  |p 11801.83  |t Ej.8 
859 |a CEMS  |b BIB. CEMS - 11 de abril  |h 574  |i V459A6/II  |p 11802.83  |t Ej.10 
859 |a CEMS  |b BIB. CEMS - 11 de abril  |h 574  |i V459A6/II  |p 11803.83  |t Ej.9 
859 |a CEMS  |b BIB. CEMS - 11 de abril  |h 574  |i V459A6/II  |p 11832.83  |t Ej.5 
859 |a CEMS  |b BIB. CEMS - 11 de abril  |h 574  |i V459A6/II  |p 11833.83  |t Ej.4 
859 |a CEMS  |b BIB. CEMS - 11 de abril  |h 574  |i V459A6/II  |p 11834.83  |t Ej.3 
859 |a CEMS  |b BIB. CEMS - 11 de abril  |h 574  |i V459A6/II  |p 11835.83  |t Ej.2 
859 |a CEMS  |b BIB. CEMS - 11 de abril  |h 574  |i V459A6/II  |p 11836.83  |t Ej.1 
859 |a CEMS  |b BIB. CEMS - 11 de abril  |h 574  |i V459A6/II  |p 11837.83  |t Ej.6 
859 |a CEMS  |b BIB. CEMS - 11 de abril  |h 574  |i V459A6/II  |p 11838.83  |t Ej.7